zpět

Detail výsledku týmu

Kocanda, Děčín

Datum a čas kvízu

27 Celkem bodů Celkový počet nahraných bodů na tomto kvízu bez doplňovacích otázek.
7. Pořadí na kvízu Konečné umístění týmu na tomto kvízu.

Zaznamenané odpovědi

# Otázka Odpověď Body Výsledky
1. V pátek přejel první vlak přes... Orlík 1
2. Po devíti dnech pátrání byla v... v Paříži 0
3. Počátkem týdne byl představen... Marek Ztracený, Ester Ledecká 1
4. Na závěr hledáme název českosl... o Německu 1
5. V pondělí byl potvrzen vstup n... B) Cadillac 1
6. Začneme mladším (a slavnějším)... Krakatit 1
7. Josef Čapek byl především malí... A 1
8. Přiřaďte k těmto literárním dí... 1C 2A 3B 4D 1
9. Doplňte dvouslovný název třetí... Obyčejný život 0
10. Napište název dramatu, jehož z... Matka 1